000
nam a22 7a 4500
999
_c
46583
_d
46583
003
OSt
005
20190418154644.0
008
190418b xxu||||| |||| 00| 0 eng d
040
_c
SERO SOFT
100
_a
SRIVASTAVA, H.S
245
_a
TECHNICAL TERMS IN EDU. EVA.
260
_a
DELHI
_b
NCERT
300
_a
53
942
_2
ddc
_c
01